000 00800ata a2200337 4500
005 20251107194740.0
008 150716b2014 xxu||||| |||| 00| 0 spa d
020 _a9789968463355
041 _aESP
082 _a511.307 V184i
100 _aValverde Fallas, Luis
_941210
245 _aIntroducción al razonamiento lógico matemático
260 _aCosta Rica
260 _bEUCR
260 _c2014
300 _a185 páginas
490 _aTemática General
650 _aLÓGICA SÍMBOLICA
650 _aMATEMÁTICA
650 _aCÁLCULO
650 _aPROBLEMAS
650 _aOPERADORES BOOLEANOS
650 _aTEORÍA DE CONJUNTOS
650 _aTABLAS DE VERDAD
942 _cBK
_2ddc
999 _c6422
_d6422